[Event "OLNW 2223 Delmenhorster SK - Post SV Uel"]
[Site "?"]
[Date "2023.04.23"]
[Round "8.5"]
[White "Bargsten, Justus"]
[Black "Thimm, Torsten"]
[Result "1-0"]
[WhiteElo "2136"]
[BlackElo "2029"]
[PlyCount "55"]
[EventDate "2023.??.??"]

1. e4 c5 2. Nf3 e6 3. d4 cxd4 4. Nxd4 Nc6 5. Nc3 Qc7 6. Be3 a6 7. g4 Ne5 8. f4 Nc4 9. Bxc4 Qxc4 10. Qf3 Bb4 11. Nde2 b5 12. O-O-O Bb7 13. Rd4 Qc5 14. Rxd7 Qc6 15. Rd4 Bc5 16. Rdd1 b4 17. Bxc5 Qxc5 18. Nb1 Nf6 19. Ng3 Rc8 20. c3 Qc4 21. Rhe1 Qxa2 22. Nf5 bxc3 23. Nxc3 Qa1+ 24. Kc2 Rxc3+ 25. Qxc3 Qa4+ 26. Kc1 exf5 27. exf5+ Ne4 28. Qe5+ 1-0

[Event "OLNW 2223 Delmenhorster SK - Post SV Uel"]
[Site "?"]
[Date "2023.04.23"]
[Round "8.6"]
[White "Grebener, Soeren"]
[Black "Bogomolow, Sergej"]
[Result "1/2-1/2"]
[WhiteElo "1977"]
[BlackElo "2148"]
[PlyCount "96"]
[EventDate "2023.??.??"]

1. e4 e6 2. d4 d5 3. exd5 exd5 4. Nf3 Bd6 5. Bd3 Nc6 6. c3 Bg4 7. O-O Qd7 8. Re1+ Nge7 9. Nbd2 O-O-O 10. b4 Ng6 11. a4 Nf4 12. Bf1 f6 13. a5 Ne7 14. b5 g5 15. Nb3 Neg6 16. Bxf4 Nxf4 17. b6 a6 18. bxc7 Qxc7 19. Rc1 Kb8 20. c4 Ng6 21. cxd5 Bxh2+ 22. Nxh2 Bxd1 23. Rxc7 Bxb3 24. Rf7 Bxd5 25. Rxf6 Bc6 26. Rb1 Be4 27. Rb4 Nf4 28. Rxa6 Nd5 29. Rb2 Rc8 30. Re6 Rhe8 31. Rxe8 Rxe8 32. f3 Bf5 33. a6 Re7 34. Rb5 Ne3 35. Kf2 Ka7 36. axb7 Kb8 37. Be2 Nc2 38. Rxf5 Rxe2+ 39. Kxe2 Nxd4+ 40. Kd3 Nxf5 41. g4 Ng3 42. Kd4 h5 43. gxh5 Nxh5 44. Ke5 Nf4 45. Kf5 Nh3 46. Kg4 Ng1 47. Kxg5 Nxf3+ 48. Nxf3 Kxb7 1/2-1/2

[Event "OLNW 2223 Delmenhorster SK - Post SV Uel"]
[Site "?"]
[Date "2023.04.23"]
[Round "8.7"]
[White "Askerov, Imamali"]
[Black "Meyer, Thorsten"]
[Result "1-0"]
[WhiteElo "1957"]
[BlackElo "1938"]
[PlyCount "53"]
[EventDate "2023.??.??"]

1. e4 d6 2. d4 Nf6 3. Nc3 g6 4. f4 Bg7 5. Nf3 O-O 6. Bd3 c5 7. dxc5 dxc5 8. Be3 Qa5 9. O-O Ng4 10. Bd2 c4 11. Be2 Qc5+ 12. Kh1 Nf2+ 13. Rxf2 Qxf2 14. Nd5 Qc5 15. Bb4 Qb5 16. a4 Qd7 17. Nxe7+ Kh8 18. Bxc4 Qc7 19. Qe2 Be6 20. Nd5 Bxd5 21. Bxd5 Rc8 22. Ng5 Na6 23. Nxf7+ Kg8 24. Ne5+ Kh8 25. Bc3 Rf8 26. Qe3 Rac8 27. Nxg6+ 1-0

[Event "OLNW 2223 Delmenhorster SK - Post SV Uel"]
[Site "?"]
[Date "2023.04.23"]
[Round "8.8"]
[White "Monnerjahn, Lukas"]
[Black "Mittelstaedt, Hendrik"]
[Result "0-1"]
[WhiteElo "1877"]
[BlackElo "2028"]
[PlyCount "70"]
[EventDate "2023.??.??"]

1. Nf3 Nf6 2. g3 d5 3. d4 e6 4. c4 dxc4 5. Bg2 c5 6. Na3 Nc6 7. Nxc4 cxd4 8. O-O Bc5 9. Qb3 Nd7 10. Bf4 O-O 11. Rfd1 Qf6 12. Rac1 Bb6 13. Bg5 Qg6 14. Qb5 f6 15. Nxb6 Nxb6 16. Bf4 e5 17. Bd2 Qf7 18. Ne1 Bd7 19. Nd3 Nd8 20. Qa5 Be6 21. Bb4 Re8 22. b3 Bd5 23. Bxd5 Nxd5 24. Qb5 Nc6 25. Bd2 a6 26. Qa4 Rac8 27. Nc5 Nb6 28. Qa3 Qe7 29. Qb2 Nd5 30. b4 Kh8 31. Qb3 Red8 32. a4 Nb8 33. Nd3 Rxc1 34. Rxc1 e4 35. Nc5 b6 0-1

[Event "OLNW 2223 Post SV Uelzen - HSK Lister T"]
[Site "?"]
[Date "2023.05.07"]
[Round "9.1"]
[White "von Mettenheim, Johannes"]
[Black "Laubsch, Bernd"]
[Result "1-0"]
[WhiteElo "2329"]
[BlackElo "2265"]
[PlyCount "87"]
[EventDate "2023.??.??"]

1. d4 d5 2. c4 c6 3. cxd5 cxd5 4. Bf4 Nc6 5. e3 Nf6 6. Nc3 e6 7. Bd3 a6 8. Nf3 Bd6 9. Bg3 Bxg3 10. hxg3 Qd6 11. a3 b5 12. Rc1 Bb7 13. Ne2 Rc8 14. Nf4 g6 15. O-O O-O 16. Bb1 Ne4 17. Nd3 Na5 18. Nd2 Nxd2 19. Rxc8 Rxc8 20. Qxd2 Nc4 21. Qe2 a5 22. Nc5 Bc6 23. Bd3 Rb8 24. Ra1 a4 25. Qc2 e5 26. Qc3 Re8 27. Rc1 f6 28. Qb4 Kf7 29. dxe5 Qxe5 30. Rc3 Kg7 31. Bf1 d4 32. exd4 Qxd4 33. b3 Re1 34. bxc4 Rxf1+ 35. Kh2 Qd1 36. Ne6+ Kf7 37. Qf8+ Kxe6 38. Re3+ Kf5 39. g4+ Kg5 40. Qc5+ Bd5 41. Re4 Rh1+ 42. Kg3 Qd3+ 43. f3 h5 44. Re5+ 1-0

[Event "OLNW 2223 Post SV Uelzen - HSK Lister T"]
[Site "?"]
[Date "2023.05.07"]
[Round "9.2"]
[White "Knuedel, Torben"]
[Black "Polster, Christian"]
[Result "0-1"]
[WhiteElo "2273"]
[BlackElo "2239"]
[PlyCount "92"]
[EventDate "2023.??.??"]

1. e4 c5 2. Nf3 Nc6 3. Nc3 e6 4. d4 cxd4 5. Nxd4 Nf6 6. Ndb5 d6 7. Bf4 e5 8. Bg5 a6 9. Na3 b5 10. Bxf6 gxf6 11. Nd5 f5 12. c3 Bg7 13. Bd3 Be6 14. Qh5 O-O 15. exf5 Bxd5 16. f6 e4 17. fxg7 Re8 18. Bc2 Re5 19. Qh6 b4 20. cxb4 Nxb4 21. O-O Rc8 22. Bb3 Bxb3 23. axb3 d5 24. Rad1 Nd3 25. Qxa6 Re6 26. Qa7 Rb6 27. Qa5 Rxb3 28. Qxd8+ Rxd8 29. Nc2 d4 30. f3 e3 31. Na1 Rdb8 32. Nxb3 Rxb3 33. Ra1 e2 34. Rfb1 Kxg7 35. g3 Rb8 36. b4 Rxb4 37. Rxb4 Nxb4 38. Kf2 Nc2 39. Rh1 d3 40. Rb1 Kf6 41. h4 Ke5 42. h5 Kd4 43. g4 Kc3 44. g5 e1=Q+ 45. Rxe1 Nxe1 46. g6 fxg6 0-1

[Event "OLNW 2223 Post SV Uelzen - HSK Lister T"]
[Site "?"]
[Date "2023.05.07"]
[Round "9.3"]
[White "Virag, Attila Aba"]
[Black "Wiegmann, Sascha"]
[Result "1/2-1/2"]
[WhiteElo "2268"]
[BlackElo "2309"]
[PlyCount "88"]
[EventDate "2023.??.??"]

1. e4 c5 2. Nf3 d6 3. d4 cxd4 4. Qxd4 Nc6 5. Bb5 Bd7 6. Bxc6 Bxc6 7. c4 Nf6 8. Nc3 g6 9. O-O Bg7 10. Be3 O-O 11. Qd3 Rc8 12. Bd4 a6 13. Rfe1 Qd7 14. a4 a5 15. h3 Qc7 16. b3 Nd7 17. Nd5 Qd8 18. Bxg7 Kxg7 19. Rad1 e6 20. Nf4 Nc5 21. Qc3+ Qf6 22. Qxf6+ Kxf6 23. Nd2 g5 24. Nh5+ Kg6 25. g4 Rcd8 26. Re3 d5 27. exd5 exd5 28. Nf3 f6 29. cxd5 Bxd5 30. Rb1 Rfe8 31. Rc3 Ne4 32. Rc7 Bc6 33. Rg7+ Kh6 34. Re1 Rd3 35. Re3 Rd1+ 36. Kh2 Nd2 37. Rf7 Nf1+ 38. Kg2 Nxe3+ 39. fxe3 Be4 40. Rxf6+ Bg6 41. Nd4 Rxd4 42. exd4 Re2+ 43. Kf3 Rb2 44. Rb6 Rf2+ 1/2-1/2

[Event "OLNW 2223 Post SV Uelzen - HSK Lister T"]
[Site "?"]
[Date "2023.05.07"]
[Round "9.4"]
[White "von Estorff, Jacob"]
[Black "Bleecke, Sebastian"]
[Result "0-1"]
[WhiteElo "2147"]
[BlackElo "2154"]
[PlyCount "76"]
[EventDate "2023.??.??"]

1. e4 c5 2. Nf3 e6 3. d4 cxd4 4. Nxd4 Nc6 5. f4 Qb6 6. Nb3 Nf6 7. Bd3 h5 8. Qf3 e5 9. h3 Bd6 10. N1d2 exf4 11. Nc4 Ne5 12. Nxb6 Nxf3+ 13. gxf3 axb6 14. Rg1 Be5 15. h4 O-O 16. Nd2 d5 17. c3 Re8 18. Kf2 Bd7 19. exd5 Nxd5 20. Nc4 Bc7 21. Rg5 Nf6 22. Na3 Rad8 23. Bb5 Bc6 24. Nc2 Rd1 25. Be2 Rh1 26. Nd4 g6 27. Bf1 Rxh4 28. Rg2 Rh1 29. Bd2 Nd5 30. Re1 Rxe1 31. Kxe1 Ne3 32. Bxe3 fxe3 33. Ke2 h4 34. c4 h3 35. Rg4 h2 36. Rh4 Rg1 37. Nxc6 bxc6 38. Kxe3 Rxf1 0-1

[Event "OLNW 2223 Post SV Uelzen - HSK Lister T"]
[Site "?"]
[Date "2023.05.07"]
[Round "9.5"]
[White "Hoerstmann, Rudi"]
[Black "Bargsten, Justus"]
[Result "1-0"]
[WhiteElo "2188"]
[BlackElo "2201"]
[PlyCount "91"]
[EventDate "2023.??.??"]

1. c4 e6 2. Nf3 d5 3. g3 Nf6 4. Bg2 d4 5. O-O c5 6. d3 Nc6 7. e3 Bd6 8. exd4 cxd4 9. Bg5 h6 10. Bxf6 Qxf6 11. Nbd2 Qe7 12. a3 a5 13. Ne4 Bc7 14. b4 axb4 15. axb4 Rxa1 16. Qxa1 Qxb4 17. Nxd4 Nxd4 18. Qxd4 O-O 19. Qa1 Rd8 20. Rb1 Qe7 21. d4 b6 22. Nc3 Rxd4 23. Nd5 Qc5 24. Ne7+ Kf8 25. Nxc8 Rd2 26. Rf1 Be5 27. Qe1 Rd8 28. Na7 Bf6 29. Qe4 Rd4 30. Qa8+ Rd8 31. Qc6 Qxc6 32. Nxc6 Rd2 33. Rb1 Bb2 34. Bf3 Ke8 35. Rd1 Rxd1+ 36. Bxd1 Kd7 37. Nb4 Kd6 38. Nd3 Bd4 39. Ba4 e5 40. Kf1 e4 41. Ne1 Kc5 42. Bb5 f5 43. f3 g5 44. fxe4 fxe4 45. Nc2 h5 46. Nxd4 1-0

[Event "OLNW 2223 Post SV Uelzen - HSK Lister T"]
[Site "?"]
[Date "2023.05.07"]
[Round "9.6"]
[White "Bogomolow, Sergej"]
[Black "Hoffmann, Lukas"]
[Result "0-1"]
[WhiteElo "2143"]
[BlackElo "2222"]
[PlyCount "118"]
[EventDate "2023.??.??"]

1. e4 c6 2. d4 d5 3. Nd2 Qc7 4. Bd3 dxe4 5. Nxe4 Bf5 6. Ne2 Bxe4 7. Bxe4 Nf6 8. Bd3 e6 9. Bf4 Bd6 10. Bg3 Bxg3 11. hxg3 Qb6 12. b3 Qa5+ 13. c3 Nbd7 14. b4 Qd5 15. Nf4 Qd6 16. O-O a5 17. a3 b6 18. Re1 O-O 19. Qc2 Rfc8 20. Rad1 axb4 21. axb4 Ra3 22. Bc4 Nd5 23. Bb3 Nxf4 24. gxf4 Qxf4 25. Re3 Qd6 26. Qb2 Rca8 27. Rde1 Nf6 28. Bc4 Nd5 29. Rg3 Qc7 30. Qd2 Ra1 31. Kh2 Rxe1 32. Qxe1 Ra3 33. b5 Rxc3 34. Bxd5 Rxg3 35. fxg3 cxd5 36. Qa1 f6 37. Qa6 Kf7 38. Qa8 h6 39. Qa6 h5 40. Kh3 e5 41. dxe5 fxe5 42. Qa1 d4 43. Kh2 Qd6 44. Qf1+ Ke7 45. Qf3 d3 46. Qb7+ Kf6 47. Qf3+ Ke6 48. Qxh5 Kd5 49. Qf7+ Kc5 50. Qb3 Qd5 51. Qc3+ Kxb5 52. Qb2+ Kc6 53. Qc3+ Kb7 54. Qd2 e4 55. g4 Qd6+ 56. Kg1 Qd4+ 57. Kh2 e3 58. Qa2 Qd7 59. Qc4 Qc7+ 0-1

[Event "OLNW 2223 Post SV Uelzen - HSK Lister T"]
[Site "?"]
[Date "2023.05.07"]
[Round "9.7"]
[White "Hoerstmann, Martin"]
[Black "Askerov, Imamali"]
[Result "1-0"]
[WhiteElo "2207"]
[BlackElo "1966"]
[PlyCount "95"]
[EventDate "2023.??.??"]

1. d4 Nf6 2. c4 e6 3. Nc3 Bb4 4. Nf3 O-O 5. Bg5 d5 6. e3 h6 7. Bh4 Nbd7 8. cxd5 exd5 9. Bd3 c6 10. O-O Re8 11. Qc2 Be7 12. Bg3 Nh5 13. Nxd5 Nxg3 14. Nxe7+ Qxe7 15. hxg3 Nf6 16. Rfe1 Be6 17. a3 Rac8 18. Rac1 Nd7 19. Rcd1 Nb6 20. Bh7+ Kh8 21. Bf5 Red8 22. Rc1 Qf6 23. Bxe6 Qxe6 24. Nd2 Kg8 25. Qe4 Qa2 26. Rc2 Re8 27. Qg4 Rcd8 28. Rec1 Qd5 29. Rc5 Qa2 30. Ne4 Kh8 31. R5c2 Nd5 32. Nc5 Re7 33. Qe2 Nb6 34. Qf3 Kg8 35. a4 f6 36. Qd1 a5 37. Qd2 Ra8 38. b4 Qd5 39. bxa5 Nc8 40. Qb4 Nd6 41. a6 bxa6 42. Nd3 Rb7 43. Qc5 Qe4 44. Rc3 Qe7 45. Qxc6 Rc8 46. Qd5+ Kh7 47. Rxc8 Nxc8 48. Qf5+ 1-0

[Event "OLNW 2223 Post SV Uelzen - HSK Lister T"]
[Site "?"]
[Date "2023.05.07"]
[Round "9.8"]
[White "Mittelstaedt, Hendrik"]
[Black "Gentemann, Moritz"]
[Result "0-1"]
[WhiteElo "2034"]
[BlackElo "2209"]
[PlyCount "110"]
[EventDate "2023.??.??"]

1. e4 c5 2. Nf3 d6 3. d4 cxd4 4. Nxd4 Nf6 5. Nc3 a6 6. Qe2 Nc6 7. Nxc6 bxc6 8. e5 Nd5 9. exd6 Nxc3 10. dxe7 Bxe7 11. bxc3 O-O 12. Qf3 Bf6 13. Be2 Bg4 14. Qxg4 Bxc3+ 15. Kf1 Bxa1 16. g3 Qc8 17. Qh5 g6 18. Qf3 Qh3+ 19. Qg2 Qe6 20. Qf3 Rfe8 21. Be3 c5 22. Kg2 Bd4 23. Bxd4 cxd4 24. Bd3 Qxa2 25. h4 Qe6 26. Ra1 a5 27. h5 a4 28. Bb5 Red8 29. hxg6 hxg6 30. Bxa4 Qd5 31. Qxd5 Rxd5 32. Bc6 Rxa1 33. Bxd5 Ra3 34. Bc4 Kg7 35. Bd3 Kf6 36. Kf3 Ke5 37. Kg4 Ra5 38. Kg5 Rc5 39. f4+ Ke6+ 40. Kg4 f5+ 41. Kf3 Kf6 42. g4 fxg4+ 43. Kxg4 g5 44. fxg5+ Rxg5+ 45. Kf4 Re5 46. Bc4 Re1 47. Kf3 Ke5 48. Kf2 Re3 49. Be2 Rc3 50. Bd1 Ke4 51. Ke2 Rh3 52. Kd2 Rh2+ 53. Kc1 Kd5 54. Bg4 Kc4 55. Bf3 Kc3 0-1

[Event "OLNW 2223 SK Union Oldenburg - Delmenhor"]
[Site "?"]
[Date "2023.05.07"]
[Round "9.1"]
[White "Pahl, Erik"]
[Black "Wittje, Berthold"]
[Result "0-1"]
[WhiteElo "2162"]
[BlackElo "2237"]
[PlyCount "28"]
[EventDate "2023.??.??"]

1. e4 Nf6 2. e5 Nd5 3. d4 d6 4. Nf3 dxe5 5. Nxe5 c6 6. c4 Nb4 7. Be3 Bf5 8. Na3 Nd7 9. Nd3 e5 10. Qb3 Bxd3 11. Bxd3 exd4 12. Bxd4 Nc5 13. Bxc5 Nxd3+ 14. Kf1 Nxc5 0-1

[Event "OLNW 2223 SK Union Oldenburg - Delmenhor"]
[Site "?"]
[Date "2023.05.07"]
[Round "9.2"]
[White "Mueer, Sebastian"]
[Black "Pahl, Theis"]
[Result "1-0"]
[WhiteElo "2200"]
[BlackElo "2188"]
[PlyCount "199"]
[EventDate "2023.??.??"]

1. e4 e5 2. Nf3 Nc6 3. Bb5 a6 4. Ba4 Nf6 5. O-O b5 6. Bb3 Be7 7. d4 exd4 8. e5 Ne4 9. Bd5 Nc5 10. Nxd4 Bb7 11. Nf5 Bf8 12. Qg4 g6 13. Bg5 Ne7 14. Ne3 c6 15. Bf6 h5 16. Qh4 Rh7 17. Bf3 Qc7 18. Nc3 b4 19. Qxb4 Ng8 20. Ne4 a5 21. Qd4 Nxe4 22. Qxe4 Bc5 23. Bg5 Kf8 24. Bf4 Re8 25. Qc4 Qb6 26. Rad1 Ba6 27. Qc3 Bb4 28. Qb3 Bxf1 29. Kxf1 g5 30. Bxg5 Qb5+ 31. Qc4 Rxe5 32. Bf4 Qxc4+ 33. Nxc4 Rf5 34. Bc7 Nf6 35. a3 Be7 36. Nxa5 Rg7 37. h3 Rgg5 38. b4 Nd5 39. Bh2 Ke8 40. c4 Nf4 41. h4 Rg8 42. Nb7 Rf6 43. c5 Ng6 44. Bg3 Re6 45. Rd4 Bf6 46. Nd6+ Kf8 47. Rc4 Ne5 48. Bxe5 Rxe5 49. g3 Kg7 50. a4 Be7 51. Nb7 Rb8 52. Na5 Ra8 53. Rd4 Bxc5 54. Rxd7 Bxb4 55. Nxc6 Re1+ 56. Kg2 Bc5 57. a5 Ra6 58. Bd5 Re2 59. Rxf7+ Kg6 60. Kf1 Rd2 61. Ne5+ Kh6 62. Be4 Ra7 63. Rf6+ Kg7 64. Rf5 Rxa5 65. Nc4 Ra1+ 66. Kg2 Rd4 67. Rxc5 Rxe4 68. Ne3 Ra2 69. Kf3 Rb4 70. Rg5+ Kf7 71. Rxh5 Rbb2 72. Rf5+ Ke6 73. Kg2 Re2 74. Rf3 Ra1 75. Rf4 Raa2 76. Ng4 Ra5 77. Rf6+ Ke7 78. Rf3 Rb2 79. Ne3 Rb1 80. g4 Raa1 81. Rf4 Rh1 82. h5 Rag1+ 83. Kf3 Ke6 84. Ra4 Rh3+ 85. Kf4 Rb1 86. Ra6+ Kf7 87. Nf5 Rb4+ 88. Kg5 Rb2 89. h6 Rb8 90. Ra7+ Ke6 91. Re7+ Kd5 92. f4 Rb6 93. h7 Rh2 94. Nh4 Rb8 95. f5 Kd6 96. Re6+ Kd7 97. Rh6 Rh8 98. Kf6 Re8 99. Kg7 Rd2 100. Re6 1-0

[Event "OLNW 2223 SK Union Oldenburg - Delmenhor"]
[Site "?"]
[Date "2023.05.07"]
[Round "9.3"]
[White "Mossakowski, Florian"]
[Black "Bredemeier, Dirk"]
[Result "1/2-1/2"]
[WhiteElo "2284"]
[BlackElo "2247"]
[PlyCount "42"]
[EventDate "2023.??.??"]

1. e4 c5 2. Nf3 e6 3. c3 Qa5 4. Na3 Nc6 5. Bb5 Qc7 6. O-O Nf6 7. Re1 a6 8. Bf1 Be7 9. Nc2 O-O 10. d4 cxd4 11. Ncxd4 b5 12. e5 Ne8 13. Bf4 Bb7 14. Bd3 Qd8 15. Qc2 f5 16. exf6 Nxf6 17. Rad1 Nxd4 18. Nxd4 Qb6 19. Bg3 Rf7 20. Be2 Bc5 21. Nb3 Bf8 1/2-1/2

[Event "OLNW 2223 SK Union Oldenburg - Delmenhor"]
[Site "?"]
[Date "2023.05.07"]
[Round "9.4"]
[White "Meessen, Max"]
[Black "Margraf, Daniel"]
[Result "0-1"]
[WhiteElo "2163"]
[BlackElo "2226"]
[PlyCount "68"]
[EventDate "2023.??.??"]

1. d4 Nf6 2. c4 e6 3. Nc3 Bb4 4. e3 d5 5. a3 Bxc3+ 6. bxc3 O-O 7. cxd5 exd5 8. Bd3 c5 9. Ne2 Bg4 10. f3 Bh5 11. Nf4 Bg6 12. Nxg6 hxg6 13. O-O Re8 14. g4 Nc6 15. Ra2 Rc8 16. g5 Nh7 17. f4 Ne7 18. Qg4 cxd4 19. cxd4 Rc3 20. Bb5 Qc8 21. Bd7 Qc4 22. Bxe8 Qxa2 23. Bd7 Nf8 24. f5 gxf5 25. Bxf5 g6 26. Bd7 Rxc1 27. Rxc1 Qd2 28. Rc7 Qxe3+ 29. Kg2 Qd2+ 30. Kh3 Nh7 31. Rxb7 Nxg5+ 32. Kh4 Ne4 33. Qf3 Qxh2+ 34. Kg4 Qh5+ 0-1

[Event "OLNW 2223 SK Union Oldenburg - Delmenhor"]
[Site "?"]
[Date "2023.05.07"]
[Round "9.5"]
[White "Thimm, Torsten"]
[Black "Wagner, Jan"]
[Result "0-1"]
[WhiteElo "2022"]
[BlackElo "2207"]
[PlyCount "34"]
[EventDate "2023.??.??"]

1. e4 d6 2. d4 Nf6 3. Nc3 g6 4. f4 Bg7 5. Nf3 c5 6. Bb5+ Bd7 7. e5 Ng4 8. Ng5 Bxb5 9. Qxg4 Bd7 10. e6 fxe6 11. Nxh7 Kf7 12. Ng5+ Kf8 13. Nxe6+ Bxe6 14. Qxe6 cxd4 15. Ne4 Qa5+ 16. Bd2 Qf5 17. Qc8+ Qxc8 0-1

[Event "OLNW 2223 SK Union Oldenburg - Delmenhor"]
[Site "?"]
[Date "2023.05.07"]
[Round "9.6"]
[White "Schuette, Marc"]
[Black "Meyer, Thorsten"]
[Result "1-0"]
[WhiteElo "2116"]
[BlackElo "1932"]
[PlyCount "85"]
[EventDate "2023.??.??"]

1. Nf3 g6 2. d4 Nf6 3. Bf4 Bg7 4. Nbd2 d6 5. c3 Nbd7 6. h3 O-O 7. e3 b6 8. Bc4 e6 9. O-O Bb7 10. Re1 Re8 11. Qc2 d5 12. Bf1 Nh5 13. Bh2 Bf8 14. Ne5 Nxe5 15. Bxe5 Bd6 16. Bxd6 Qxd6 17. g4 Nf6 18. Bg2 e5 19. Nc4 dxc4 20. Bxb7 Rab8 21. Bg2 exd4 22. cxd4 b5 23. Rad1 Nd5 24. Bxd5 Qxd5 25. e4 Qg5 26. Qd2 Qxd2 27. Rxd2 Re6 28. d5 Ra6 29. a3 c3 30. bxc3 Rxa3 31. Re3 a5 32. e5 b4 33. cxb4 Ra1+ 34. Kg2 axb4 35. Kf3 b3 36. Rb2 Rd1 37. Rbxb3 Rxb3 38. Rxb3 Rxd5 39. Ke4 Rd7 40. f4 Kg7 41. f5 g5 42. f6+ Kg8 43. Ra3 1-0

[Event "OLNW 2223 SK Union Oldenburg - Delmenhor"]
[Site "?"]
[Date "2023.05.07"]
[Round "9.8"]
[White "Eschholz, Enno"]
[Black "Wander, Dennis"]
[Result "1-0"]
[WhiteElo "2206"]
[BlackElo "1618"]
[PlyCount "69"]
[EventDate "2023.??.??"]

1. e4 e5 2. Bc4 Bc5 3. Nc3 Nf6 4. d3 d6 5. f4 Nc6 6. Nf3 a6 7. f5 Na5 8. Bg5 b5 9. Bb3 Nxb3 10. axb3 Bb7 11. Qe2 Qd7 12. Be3 Bxe3 13. Qxe3 g6 14. O-O h6 15. fxg6 fxg6 16. Nxe5 Qg7 17. Qg3 Nxe4 18. Qxg6+ Qxg6 19. Nxg6 Rg8 20. Rae1 Rxg6 21. Nxe4 O-O-O 22. g3 h5 23. Rf4 Re6 24. Ref1 Bxe4 25. Rxe4 Rxe4 26. dxe4 Re8 27. Rf4 Kd7 28. Kf2 c5 29. Kf3 a5 30. Rf5 Rh8 31. Ke3 Ke6 32. Rf4 Ke5 33. Rh4 c4 34. bxc4 b4 35. b3 1-0

[Event "OLNW 2223 SK Nordhorn Blanke - Hamelner"]
[Site "?"]
[Date "2023.05.07"]
[Round "9.1"]
[White "Bode, Wilfried"]
[Black "Kroeze, Frank"]
[Result "0-1"]
[WhiteElo "2342"]
[BlackElo "2376"]
[PlyCount "56"]
[EventDate "2023.??.??"]

1. Nf3 d5 2. e3 c5 3. c4 d4 4. exd4 cxd4 5. d3 Nc6 6. g3 Nf6 7. Bg2 e6 8. O-O h6 9. Bd2 a5 10. Na3 Bd6 11. Nb5 Bb8 12. Qa4 O-O 13. b4 e5 14. Rfe1 Re8 15. Rad1 Ra6 16. Nc7 Qxc7 17. b5 Ra7 18. c5 Qd7 19. bxc6 bxc6 20. Rb1 Bc7 21. Rb6 Ra6 22. Reb1 Bxb6 23. cxb6 Bb7 24. Qc4 Nd5 25. Qc5 Qe7 26. Qc2 Rxb6 27. Rxb6 Nxb6 28. Qb3 Qc5 0-1

[Event "OLNW 2223 SK Nordhorn Blanke - Hamelner"]
[Site "?"]
[Date "2023.05.07"]
[Round "9.2"]
[White "Lambrechts, Koen"]
[Black "Tonndorf, Matthias"]
[Result "1-0"]
[WhiteElo "2256"]
[BlackElo "2161"]
[PlyCount "101"]
[EventDate "2023.??.??"]

1. e4 c5 2. Nc3 a6 3. Nge2 e5 4. g4 d6 5. Ng3 Nc6 6. d3 Be6 7. Bg2 Qd7 8. h3 g6 9. Nd5 Bxd5 10. exd5 Nce7 11. Bd2 Bg7 12. b4 cxb4 13. Bxb4 Nf6 14. c4 a5 15. Ba3 O-O 16. Rb1 Rab8 17. Rb5 b6 18. Qb3 Qc7 19. O-O Nd7 20. Ne4 Nc8 21. Rb1 h6 22. c5 dxc5 23. Bxc5 Rd8 24. d6 Qa7 25. Be3 Qa6 26. g5 Na7 27. Rd5 a4 28. Qd1 hxg5 29. Bxg5 f6 30. Qg4 Kf7 31. f4 f5 32. Qg3 Re8 33. Rf1 Re6 34. Be7 fxe4 35. fxe5+ Kg8 36. Bxe4 Nxe5 37. Rxe5 Bxe5 38. Qg4 Qc8 39. Bxg6 Rxg6 40. Qxg6+ Bg7 41. Qf7+ Kh8 42. Qh5+ Kg8 43. Qd5+ Kh7 44. d7 Qc3 45. Qe4+ Kh8 46. d8=Q+ Rxd8 47. Bxd8 Nc6 48. Qe8+ Kh7 49. Qh5+ Kg8 50. Qf7+ Kh8 51. Bf6 1-0

[Event "OLNW 2223 SK Nordhorn Blanke - Hamelner"]
[Site "?"]
[Date "2023.05.07"]
[Round "9.3"]
[White "Renner, Kai"]
[Black "Rietman, Frits"]
[Result "1/2-1/2"]
[WhiteElo "2148"]
[BlackElo "2232"]
[PlyCount "73"]
[EventDate "2023.??.??"]

1. e4 d5 2. exd5 Qxd5 3. Nc3 Qd8 4. d4 Nf6 5. Nf3 c6 6. g3 Bg4 7. Bg2 e6 8. O-O Be7 9. h3 Bxf3 10. Bxf3 O-O 11. Bf4 Nbd7 12. Qd2 Re8 13. Rad1 Nb6 14. Qd3 Nfd5 15. Bc1 Nxc3 16. Qxc3 Bg5 17. Qc5 Bxc1 18. Rxc1 e5 19. dxe5 Nd7 20. Qc3 Nxe5 21. Bg2 Qb6 22. Rcd1 Rad8 23. Rfe1 Rxd1 24. Rxd1 Ng6 25. Qb3 Qc7 26. Qd3 h5 27. Qd4 Qa5 28. a3 h4 29. gxh4 Qh5 30. Qg4 Qxh4 31. Qxh4 Nxh4 32. Rd7 Re1+ 33. Kh2 Re2 34. Kg1 Re1+ 35. Kh2 Re2 36. Kg1 Re1+ 37. Kh2 1/2-1/2

[Event "OLNW 2223 SK Nordhorn Blanke - Hamelner"]
[Site "?"]
[Date "2023.05.07"]
[Round "9.4"]
[White "Elgersma, Simon"]
[Black "Koch, Yannick"]
[Result "1-0"]
[WhiteElo "2244"]
[BlackElo "2012"]
[PlyCount "85"]
[EventDate "2023.??.??"]

1. e4 c6 2. Nc3 d5 3. Nf3 dxe4 4. Nxe4 Nf6 5. Qe2 Nxe4 6. Qxe4 Nd7 7. Bc4 Nf6 8. Ne5 e6 9. Qe2 b5 10. Bd3 Qc7 11. b3 Bd6 12. Bb2 Bb7 13. O-O O-O 14. f4 a6 15. Rf3 c5 16. Rh3 g6 17. Nf3 Bxf3 18. Qxf3 e5 19. Rf1 c4 20. fxe5 Bxe5 21. Bxe5 Qxe5 22. Qxf6 Qxf6 23. Rxf6 cxd3 24. Rxd3 Kg7 25. Rc6 Rfc8 26. Rdd6 a5 27. Kf2 b4 28. c3 bxc3 29. dxc3 Rxc6 30. Rxc6 Rd8 31. Ke2 Re8+ 32. Kd2 Rd8+ 33. Kc2 Re8 34. Rd6 f5 35. b4 axb4 36. cxb4 g5 37. b5 f4 38. b6 g4 39. a4 f3 40. gxf3 gxf3 41. Rd1 Re2+ 42. Kc3 Re3+ 43. Kb4 1-0

[Event "OLNW 2223 SK Nordhorn Blanke - Hamelner"]
[Site "?"]
[Date "2023.05.07"]
[Round "9.5"]
[White "Poschadel, Andreas Gregor"]
[Black "Bertholee, Rob"]
[Result "0-1"]
[WhiteElo "2016"]
[BlackElo "2318"]
[PlyCount "148"]
[EventDate "2023.??.??"]

1. e4 e6 2. d4 d5 3. Nc3 Bb4 4. exd5 exd5 5. Nf3 Nf6 6. Bd3 O-O 7. O-O Bg4 8. Ne2 Bxf3 9. gxf3 Re8 10. Kh1 Nbd7 11. Bg5 Nf8 12. Rg1 Ne6 13. Bh4 Be7 14. Bg3 Nh5 15. f4 Bd6 16. f5 Ng5 17. Bxd6 Nh3 18. Rf1 Qxd6 19. Ng1 N3f4 20. Be2 Nf6 21. Bd3 Nxd3 22. Qxd3 Qf4 23. c3 Ne4 24. Qf3 Qxf3+ 25. Nxf3 f6 26. Rae1 Re7 27. Kg2 Rae8 28. Re3 Nd6 29. Rxe7 Rxe7 30. Nh4 Re2 31. Rb1 Ne4 32. Kh3 Rxf2 33. c4 dxc4 34. Re1 Rf4 35. Ng2 Ng5+ 36. Kg3 Rxf5 37. Re8+ Kf7 38. Rc8 Ne6 39. Ne3 Rg5+ 40. Kf2 c6 41. Nxc4 Rd5 42. Rb8 b5 43. Rb7+ Kg6 44. Na5 Nxd4 45. Rxa7 Rf5+ 46. Ke3 c5 47. Ke4 Re5+ 48. Kd3 Ne6 49. Rb7 Nf4+ 50. Kc3 Re3+ 51. Kc2 Re2+ 52. Kb3 Nd3 53. Rxb5 Rxb2+ 54. Kc4 Ne5+ 55. Kxc5 Rxa2 56. h3 Ra4 57. Nb7 Nd3+ 58. Kd6 Rh4 59. Rb3 Rxh3 60. Nc5 Nf4 61. Rb1 Kf5 62. Rf1 g5 63. Ke7 Ra3 64. Rd1 Ra7+ 65. Nd7 Ng6+ 66. Kd6 h5 67. Rf1+ Nf4 68. Ke7 h4 69. Rd1 Ng6+ 70. Kd6 h3 71. Rh1 Nf4 72. Rf1 g4 73. Nxf6 Ra6+ 74. Ke7 Re6+ 0-1

[Event "OLNW 2223 SK Nordhorn Blanke - Hamelner"]
[Site "?"]
[Date "2023.05.07"]
[Round "9.6"]
[White "Oehne, Timo"]
[Black "Helmer, Jan"]
[Result "1-0"]
[WhiteElo "2141"]
[BlackElo "2091"]
[PlyCount "104"]
[EventDate "2023.??.??"]

1. d4 d5 2. Nf3 Nf6 3. g3 e6 4. Bg2 Be7 5. O-O Ne4 6. c4 f5 7. Nc3 c6 8. Qc2 O-O 9. Bf4 Nd7 10. Ne5 Nd6 11. c5 Nf7 12. Nxf7 Rxf7 13. b4 g5 14. Bd2 Bf6 15. Qd3 e5 16. Nxd5 cxd5 17. Bxd5 e4 18. Bxf7+ Kxf7 19. Qc4+ Kg7 20. Bc3 Nf8 21. d5 Bxc3 22. Qxc3+ Qf6 23. Rac1 Bd7 24. c6 bxc6 25. dxc6 Be6 26. a4 Ng6 27. Qxf6+ Kxf6 28. b5 Ne5 29. Rfd1 Bc4 30. Kf1 Be6 31. a5 Nf7 32. b6 axb6 33. axb6 Rb8 34. b7 Ke7 35. Ra1 Ne5 36. Ra6 f4 37. Rb6 Nxc6 38. Rxc6 Rxb7 39. gxf4 gxf4 40. Rdc1 Kf6 41. Rc7 Rb2 42. Rxh7 f3 43. exf3 exf3 44. Rh4 Bd5 45. Rg4 Kf5 46. Rg3 Bc4+ 47. Kg1 Be2 48. h4 Rb4 49. h5 Rh4 50. Rc5+ Kf6 51. Rg6+ Kf7 52. Rc7+ Kf8 1-0